Psychiatry for you, (Record no. 90797)

MARC details
000 -LEADER
fixed length control field 00665cam a22002291 4500
001 - CONTROL NUMBER
control field sg 46000201
003 - CONTROL NUMBER IDENTIFIER
control field DLC
005 - DATE AND TIME OF LATEST TRANSACTION
control field 20260227112749.0
008 - FIXED-LENGTH DATA ELEMENTS--GENERAL INFORMATION
fixed length control field 750910s1946 mdu 000 0 eng c
010 ## - LIBRARY OF CONGRESS CONTROL NUMBER
LC control number sg 46000201
035 ## - SYSTEM CONTROL NUMBER
System control number (OCoLC)1613837
040 ## - CATALOGING SOURCE
Original cataloging agency U.S. Surg.-Gen. Off. Libr.
Transcribing agency FMU
Modifying agency OCoLC
-- DLC
042 ## - AUTHENTICATION CODE
Authentication code premarc
050 00 - LIBRARY OF CONGRESS CALL NUMBER
Classification number RC601
Item number .S4
082 ## - DEWEY DECIMAL CLASSIFICATION NUMBER
Classification number 616.8
100 1# - MAIN ENTRY--PERSONAL NAME
Personal name Seliger, Robert V.
Fuller form of name (Robert Victor),
Dates associated with a name 1900-
245 10 - TITLE STATEMENT
Title Psychiatry for you,
Statement of responsibility, etc. edited by Robert V. Seliger, M.D.
260 ## - PUBLICATION, DISTRIBUTION, ETC.
Place of publication, distribution, etc. Baltimore, Md.,
Name of publisher, distributor, etc. Oakridge Press,
Date of publication, distribution, etc. 1946.
300 ## - PHYSICAL DESCRIPTION
Extent 64 p.
Dimensions 19 cm.
500 ## - GENERAL NOTE
General note "First printing."
650 #0 - SUBJECT ADDED ENTRY--TOPICAL TERM
Topical term or geographic name entry element Psychiatry
General subdivision Popular works.

No items available.

Powered by Koha